00844nam a22001937a 4500003000900000008004100009020001800050040007100068082002000139110005700159245010000216260010600316300005900422650003700481650002300518650002100541710004300562710004500605AR-CdUCM190307b ||||| |||| 00| 0 spa d a9972-2670-7-5 aMUNICIPALIDAD PROVINCIAL DEL CUSCOcBIBLIOTECA MUNICIPAL DEL CUSCO a 305.898 /bE 2 aII Encuentro de Pueblos Quechuas de América (2005) aLos pueblos indígenas ante el mundo global :bII Encuentro de Pueblos Quechuas de América / aLima : aCusco : bUNMSM, Facultad de Ciencias Sociales,bINC, Dirección Regional de Cusco, c2006. a248 páginas ;bilustraciones, fotografías,c24 cm. aIndígenas de América del Sur aIdentidad étnica aAmérica Latina aInstituto Nacional de Cultura (Perú) aDirección Regional de Cultura de Cusco